[Event "WchT U20 3rd"]
[Site "Rio de Janeiro"]
[Date "2000.08.07"]
[Round "1"]
[White "Blehm, Pawel"]
[Black "Quintanilha, Rafael"]
[Result "1-0"]
[WhiteElo "2518"]
[BlackElo "2000"]
[PlyCount "37"]
[EventDate "2000.08.??"]
[EventType "team"]
[EventRounds "5"]
[EventCountry "BRA"]
[SourceTitle "EXT 2004"]
[Source "ChessBase"]
[SourceDate "2003.11.25"]
[SourceVersion "1"]
[SourceVersionDate "2003.11.25"]
[SourceQuality "1"]

1. e4 e5 2. Nf3 Nc6 3. Bb5 a6 4. Ba4 Nf6 5. Qe2 b5 6. Bb3 Bc5 7. c3 d6 8. d3 Be6 9. Bg5 h6 10. Bh4 Qe7 11. Nbd2 Rb8 12. Nf1 b4 13. Ba4 Bd7 14. Ng3 g5 15. Nf5 Bxf5 16. exf5 Rb6 17. d4 exd4 18. cxd4 Qxe2+ 19. Kxe2 1-0